[Event "European Chess Club Cup 2023"]
[Site "Durres, Albania"]
[Date "2023.10.06"]
[Round "6.75"]
[White "Nikolovski, Nikola"]
[Black "Trost, Edvin"]
[Result "1/2-1/2"]
[TimeControl "90' + 30' & 30\""]
[WhiteElo "2382"]
[BlackElo "2442"]

1. e4 {[%clk 01:30:53]} {[%emt 00:00:05]} e5 {[%clk 01:30:49]} {[%emt
00:00:12]} 2. Nf3 {[%clk 01:19:53]} {[%emt 00:11:30]} Nc6 {[%clk 01:31:02]}
{[%emt 00:00:18]} 3. Nc3 {[%clk 01:19:52]} {[%emt 00:00:30]} Nf6 {[%clk
01:30:54]} {[%emt 00:00:39]} 4. Bb5 {[%clk 01:20:09]} {[%emt 00:00:13]} Bc5
{[%clk 01:30:11]} {[%emt 00:01:12]} 5. O-O {[%clk 01:19:45]} {[%emt 00:00:54]}
O-O {[%clk 01:29:49]} {[%emt 00:00:52]} 6. Nxe5 {[%clk 01:08:08]} {[%emt
00:12:07]} Nxe5 {[%clk 01:30:05]} {[%emt 00:00:14]} 7. d4 {[%clk 01:08:09]}
{[%emt 00:00:28]} Bd6 {[%clk 01:29:58]} {[%emt 00:00:38]} 8. f4 {[%clk
01:04:57]} {[%emt 00:03:41]} Neg4 {[%clk 01:27:43]} {[%emt 00:02:45]} 9. e5
{[%clk 00:54:33]} {[%emt 00:10:55]} Bb4 {[%clk 01:28:08]} {[%emt 00:00:06]} 10.
exf6 {[%clk 00:52:39]} {[%emt 00:02:23]} Nxf6 {[%clk 01:28:02]} {[%emt
00:00:36]} 11. Ne2 {[%clk 00:51:25]} {[%emt 00:01:44]} d5 {[%clk 01:24:09]}
{[%emt 00:04:21]} 12. c3 {[%clk 00:39:56]} {[%emt 00:11:59]} Bd6 {[%clk
01:24:16]} {[%emt 00:00:25]} 13. f5 {[%clk 00:39:16]} {[%emt 00:01:10]} Ne4
{[%clk 01:20:58]} {[%emt 00:03:48]} 14. Bd3 {[%clk 00:36:03]} {[%emt 00:03:43]}
Re8 {[%clk 01:14:56]} {[%emt 00:06:33]} 15. Bf4 {[%clk 00:34:43]} {[%emt
00:01:49]} Bxf4 {[%clk 00:45:21]} {[%emt 00:30:05]} 16. Rxf4 {[%clk 00:35:05]}
{[%emt 00:00:07]} Qg5 {[%clk 00:45:47]} {[%emt 00:00:06]} 17. Qf1 {[%clk
00:24:27]} {[%emt 00:11:07]} Bxf5 {[%clk 00:41:35]} {[%emt 00:04:42]} 18. Bxe4
{[%clk 00:06:18]} {[%emt 00:18:39]} Bxe4 {[%clk 00:41:43]} {[%emt 00:00:23]} 19.
Ng3 {[%clk 00:06:39]} {[%emt 00:00:09]} Re7 {[%clk 00:38:21]} {[%emt 00:03:51]}
20. Qf2 {[%clk 00:06:33]} {[%emt 00:00:37]} Rae8 {[%clk 00:38:13]} {[%emt
00:00:39]} 21. h3 {[%clk 00:06:12]} {[%emt 00:00:49]} h5 {[%clk 00:26:53]}
{[%emt 00:11:50]} 22. h4 {[%clk 00:06:35]} {[%emt 00:00:07]} Qg6 {[%clk
00:27:08]} {[%emt 00:00:15]} 23. Kh2 {[%clk 00:06:15]} {[%emt 00:00:50]} Bd3
{[%clk 00:25:23]} {[%emt 00:02:16]} 24. Rf3 {[%clk 00:06:22]} {[%emt 00:00:23]}
Be4 {[%clk 00:23:35]} {[%emt 00:02:17]} 25. Rf4 {[%clk 00:06:44]} {[%emt
00:00:08]} c6 {[%clk 00:24:04]} {[%emt 00:00:01]} 26. Re1 {[%clk 00:05:48]}
{[%emt 00:01:26]} Qh6 {[%clk 00:16:48]} {[%emt 00:07:47]} 27. Kg1 {[%clk
00:04:35]} {[%emt 00:01:42]} Qg6 {[%clk 00:06:01]} {[%emt 00:11:17]} 28. Kh2
{[%clk 00:04:34]} {[%emt 00:00:31]} Re6 {[%clk 00:06:30]} {[%emt 00:00:02]} 29.
Re3 {[%clk 00:03:37]} {[%emt 00:01:26]} R8e7 {[%clk 00:05:47]} {[%emt
00:01:14]} 30. Qe2 {[%clk 00:02:51]} {[%emt 00:01:15]} Qh6 {[%clk 00:03:30]}
{[%emt 00:02:48]} 31. Qf2 {[%clk 00:03:07]} {[%emt 00:00:14]} Qg6 {[%clk
00:02:57]} {[%emt 00:01:03]} 32. Qe2 {[%clk 00:02:54]} {[%emt 00:00:42]} Bb1
{[%clk 00:03:21]} {[%emt 00:00:06]} 33. Rxe6 {[%clk 00:03:20]} {[%emt
00:00:05]} Rxe6 {[%clk 00:03:43]} {[%emt 00:00:08]} 34. Qf3 {[%clk 00:03:25]}
{[%emt 00:00:25]} Bxa2 {[%clk 00:02:00]} {[%emt 00:02:13]} 35. Nxh5 {[%clk
00:03:30]} {[%emt 00:00:25]} Re4 {[%clk 00:02:28]} {[%emt 00:00:01]} 36. Ng3
{[%clk 00:02:59]} {[%emt 00:01:00]} Re6 {[%clk 00:00:56]} {[%emt 00:02:03]} 37.
h5 {[%clk 00:01:16]} {[%emt 00:02:13]} Qg5 {[%clk 00:01:26]} 38. Rxf7 {[%clk
00:01:33]} {[%emt 00:00:13]} Bb1 {[%clk 00:00:52]} {[%emt 00:01:04]} 39. Rf4
{[%clk 00:00:39]} {[%emt 00:01:24]} Be4 {[%clk 00:00:43]} {[%emt 00:00:39]} 40.
Nxe4 {[%clk 00:00:33]} {[%emt 00:00:35]} dxe4 {[%clk 00:01:04]} {[%emt
00:00:10]} 41. Rxe4 {[%clk 00:00:32]} {[%emt 00:00:31]} Rxe4 {[%clk 00:01:12]}
{[%emt 00:00:22]} 42. Qxe4 {[%clk 00:26:11]} {[%emt 00:04:50]} Qxh5+ {[%clk
00:31:41]} {[%emt 00:00:02]} 43. Kg3 {[%clk 00:26:28]} {[%emt 00:00:13]} Qg5+
{[%clk 00:30:38]} {[%emt 00:01:32]} 44. Kf3 {[%clk 00:26:38]} {[%emt 00:00:20]}
Kf7 {[%clk 00:29:07]} {[%emt 00:02:01]} 45. Kf2 {[%clk 00:13:20]} {[%emt
00:13:47]} a5 {[%clk 00:25:31]} {[%emt 00:04:07]} 46. Kg1 {[%clk 00:11:55]}
{[%emt 00:01:55]} g6 {[%clk 00:18:06]} {[%emt 00:07:55]} 47. Kh2 {[%clk
00:09:52]} {[%emt 00:02:33]} Qf5 {[%clk 00:14:42]} {[%emt 00:03:55]} 48. Qe3
{[%clk 00:09:30]} {[%emt 00:00:51]} b5 {[%clk 00:11:24]} {[%emt 00:03:48]} 49.
Qg3 {[%clk 00:08:24]} {[%emt 00:01:36]} Qh5+ {[%clk 00:06:14]} {[%emt
00:05:41]} 50. Kg1 {[%clk 00:08:29]} {[%emt 00:00:24]} Qd1+ {[%clk 00:06:19]}
{[%emt 00:00:25]} 51. Kh2 {[%clk 00:08:53]} {[%emt 00:00:06]} Qh5+ {[%clk
00:05:54]} {[%emt 00:00:56]} 52. Kg1 {[%clk 00:08:52]} {[%emt 00:00:29]} Qd1+
{[%clk 00:04:24]} {[%emt 00:02:01]} 53. Kh2 {[%clk 00:09:14]} {[%emt 00:00:08]}
Qh5+ {[%clk 00:04:44]} {[%emt 00:00:10]} 54. Kg1 {[%clk 00:09:39]} {[%emt
00:00:05]} Qd1+ {[%clk 00:05:04]} {[%emt 00:00:09]} 1/2-1/2

[Event "European Chess Club Cup 2023"]
[Site "Durres, Albania"]
[Date "2023.10.06"]
[Round "6.76"]
[White "Barkhagen, Jonas"]
[Black "Veljanoski, Andrej"]
[Result "1/2-1/2"]
[TimeControl "90' + 30' & 30\""]
[WhiteElo "2425"]
[BlackElo "2261"]

1. d4 {[%clk 01:30:52]} {[%emt 00:00:07]} d5 {[%clk 01:30:45]} {[%emt
00:00:16]} 2. c4 {[%clk 01:31:01]} {[%emt 00:00:21]} e6 {[%clk 01:31:01]}
{[%emt 00:00:15]} 3. Nc3 {[%clk 01:31:15]} {[%emt 00:00:15]} Nf6 {[%clk
01:31:23]} {[%emt 00:00:08]} 4. cxd5 {[%clk 01:31:24]} {[%emt 00:00:21]} exd5
{[%clk 01:31:44]} {[%emt 00:00:10]} 5. Bg5 {[%clk 01:31:45]} {[%emt 00:00:08]}
c6 {[%clk 01:32:06]} {[%emt 00:00:09]} 6. e3 {[%clk 01:32:08]} {[%emt
00:00:06]} h6 {[%clk 01:31:06]} {[%emt 00:01:31]} 7. Bh4 {[%clk 01:32:16]}
{[%emt 00:00:22]} Be7 {[%clk 01:31:24]} {[%emt 00:00:11]} 8. Bd3 {[%clk
01:32:25]} {[%emt 00:00:20]} O-O {[%clk 01:31:40]} {[%emt 00:00:15]} 9. Nf3
{[%clk 01:25:47]} {[%emt 00:07:08]} Re8 {[%clk 01:29:00]} {[%emt 00:03:10]} 10.
Bxf6 {[%clk 01:20:23]} {[%emt 00:05:54]} Bxf6 {[%clk 01:29:20]} {[%emt
00:00:10]} 11. b4 {[%clk 01:20:38]} {[%emt 00:00:15]} Bg4 {[%clk 01:08:59]}
{[%emt 00:20:49]} 12. O-O {[%clk 01:18:15]} {[%emt 00:02:54]} a5 {[%clk
01:00:30]} {[%emt 00:09:01]} 13. b5 {[%clk 01:16:22]} {[%emt 00:02:22]} c5
{[%clk 00:59:54]} {[%emt 00:01:06]} 14. Be2 {[%clk 01:16:45]} {[%emt 00:00:07]}
Be6 {[%clk 00:53:28]} {[%emt 00:06:56]} 15. Rc1 {[%clk 01:10:15]} {[%emt
00:07:00]} Nd7 {[%clk 00:52:06]} {[%emt 00:01:52]} 16. dxc5 {[%clk 01:00:22]}
{[%emt 00:10:23]} Nxc5 {[%clk 00:52:07]} {[%emt 00:00:29]} 17. Nd4 {[%clk
01:00:43]} {[%emt 00:00:09]} Qb6 {[%clk 00:48:11]} {[%emt 00:04:26]} 18. Nxe6
{[%clk 00:46:21]} {[%emt 00:14:52]} fxe6 {[%clk 00:47:48]} {[%emt 00:00:53]} 19.
Na4 {[%clk 00:46:43]} {[%emt 00:00:09]} Nxa4 {[%clk 00:47:50]} {[%emt
00:00:28]} 20. Qxa4 {[%clk 00:47:06]} {[%emt 00:00:06]} d4 {[%clk 00:34:29]}
{[%emt 00:13:52]} 21. exd4 {[%clk 00:24:46]} {[%emt 00:22:49]} Rad8 {[%clk
00:34:32]} {[%emt 00:00:27]} 22. Qc2 {[%clk 00:23:04]} {[%emt 00:02:12]} Bxd4
{[%clk 00:26:08]} {[%emt 00:08:55]} 23. a4 {[%clk 00:04:58]} {[%emt 00:18:35]}
Qd6 {[%clk 00:24:09]} {[%emt 00:02:30]} 24. Qg6 {[%clk 00:03:34]} {[%emt
00:01:53]} Rf8 {[%clk 00:21:35]} {[%emt 00:03:04]} 25. Bc4 {[%clk 00:03:57]}
{[%emt 00:00:07]} Rf6 {[%clk 00:21:27]} {[%emt 00:00:38]} 26. Qe4 {[%clk
00:04:19]} {[%emt 00:00:08]} b6 {[%clk 00:13:37]} {[%emt 00:08:20]} 27. Rce1
{[%clk 00:04:24]} {[%emt 00:00:25]} Qc5 {[%clk 00:11:59]} {[%emt 00:02:08]} 28.
Bxe6+ {[%clk 00:02:30]} {[%emt 00:02:24]} Kh8 {[%clk 00:11:18]} {[%emt
00:01:12]} 29. Re2 {[%clk 00:02:54]} {[%emt 00:00:06]} Bxf2+ {[%clk 00:09:38]}
{[%emt 00:02:10]} 30. Kh1 {[%clk 00:03:13]} {[%emt 00:00:11]} Bh4 {[%clk
00:05:46]} {[%emt 00:04:23]} 31. Rb1 {[%clk 00:02:55]} {[%emt 00:00:47]} Rdf8
{[%clk 00:06:01]} {[%emt 00:00:15]} 32. g3 {[%clk 00:02:58]} {[%emt 00:00:26]}
Bg5 {[%clk 00:04:46]} {[%emt 00:01:46]} 33. Bb3 {[%clk 00:02:21]} {[%emt
00:01:06]} Bc1 {[%clk 00:04:10]} {[%emt 00:01:06]} 34. Qd5 {[%clk 00:00:59]}
{[%emt 00:01:52]} Rf1+ {[%clk 00:03:13]} {[%emt 00:01:28]} 35. Kg2 {[%clk
00:01:19]} {[%emt 00:00:10]} R1f2+ {[%clk 00:01:10]} {[%emt 00:02:33]} 36. Rxf2
{[%clk 00:01:38]} {[%emt 00:00:11]} Qxf2+ {[%clk 00:01:34]} {[%emt 00:00:06]}
37. Kh3 {[%clk 00:02:04]} {[%emt 00:00:04]} Qf1+ {[%clk 00:01:29]} {[%emt
00:00:36]} 38. Kg4 {[%clk 00:02:23]} {[%emt 00:00:10]} Qe2+ {[%clk 00:01:43]}
{[%emt 00:00:15]} 39. Kh3 {[%clk 00:02:38]} {[%emt 00:00:15]} Qf1+ {[%clk
00:01:53]} {[%emt 00:00:20]} 40. Kg4 {[%clk 00:02:57]} {[%emt 00:00:12]} Qe2+
{[%clk 00:01:18]} {[%emt 00:01:04]} 41. Kh3 {[%clk 00:02:57]} {[%emt 00:00:30]}
Bg5 {[%clk 00:18:43]} {[%emt 00:13:06]} 42. Bc4 {[%clk 00:26:54]} {[%emt
00:06:32]} Qh5+ {[%clk 00:18:01]} {[%emt 00:01:12]} 43. Kg2 {[%clk 00:27:12]}
{[%emt 00:00:12]} Rd8 {[%clk 00:18:16]} {[%emt 00:00:16]} 44. Qe4 {[%clk
00:23:36]} {[%emt 00:04:06]} Rd2+ {[%clk 00:13:00]} {[%emt 00:05:46]} 45. Kf1
{[%clk 00:21:49]} {[%emt 00:02:17]} Qh3+ {[%clk 00:07:50]} {[%emt 00:05:40]} 46.
Ke1 {[%clk 00:22:09]} {[%emt 00:00:09]} Qd7 {[%clk 00:08:12]} {[%emt 00:00:08]}
47. Be2 {[%clk 00:15:55]} {[%emt 00:06:44]} Rd6 {[%clk 00:07:53]} {[%emt
00:00:49]} 48. Bg4 {[%clk 00:11:32]} {[%emt 00:04:53]} Qd8 {[%clk 00:06:49]}
{[%emt 00:01:35]} 49. Qf3 {[%clk 00:06:09]} {[%emt 00:05:52]} Rd3 {[%clk
00:06:27]} {[%emt 00:00:54]} 50. Qf5 {[%clk 00:06:09]} {[%emt 00:00:29]} Rd5
{[%clk 00:04:36]} {[%emt 00:02:21]} 51. Qc8 {[%clk 00:05:25]} {[%emt 00:01:13]}
Qxc8 {[%clk 00:04:35]} {[%emt 00:00:31]} 52. Bxc8 {[%clk 00:05:50]} {[%emt
00:00:06]} g6 {[%clk 00:04:53]} {[%emt 00:00:12]} 53. Rd1 {[%clk 00:05:47]}
{[%emt 00:00:31]} Rxd1+ {[%clk 00:05:16]} {[%emt 00:00:09]} 1/2-1/2

[Event "European Chess Club Cup 2023"]
[Site "Durres, Albania"]
[Date "2023.10.06"]
[Round "6.77"]
[White "Zlatkov, Anton"]
[Black "Kenneskog, Theodor"]
[Result "1/2-1/2"]
[TimeControl "90' + 30' & 30\""]
[WhiteElo "2198"]
[BlackElo "2335"]

1. Nf3 {[%clk 01:30:49]} {[%emt 00:00:10]} d5 {[%clk 01:29:45]} {[%emt
00:01:15]} 2. g3 {[%clk 01:31:11]} {[%emt 00:00:09]} c5 {[%clk 01:29:45]}
{[%emt 00:00:29]} 3. Bg2 {[%clk 01:31:35]} {[%emt 00:00:06]} Nc6 {[%clk
01:30:11]} {[%emt 00:00:05]} 4. O-O {[%clk 01:27:13]} {[%emt 00:04:52]} e5
{[%clk 01:30:23]} {[%emt 00:00:17]} 5. d3 {[%clk 01:27:18]} {[%emt 00:00:25]}
Be7 {[%clk 01:30:47]} {[%emt 00:00:07]} 6. e4 {[%clk 01:26:28]} {[%emt
00:01:21]} d4 {[%clk 01:31:05]} {[%emt 00:00:10]} 7. Na3 {[%clk 01:23:33]}
{[%emt 00:03:25]} h5 {[%clk 01:30:58]} {[%emt 00:00:37]} 8. Nc4 {[%clk
01:21:51]} {[%emt 00:02:13]} Qc7 {[%clk 01:30:39]} {[%emt 00:00:49]} 9. c3
{[%clk 01:21:12]} {[%emt 00:01:09]} Be6 {[%clk 01:08:42]} {[%emt 00:22:27]} 10.
cxd4 {[%clk 01:10:36]} {[%emt 00:11:06]} cxd4 {[%clk 01:09:06]} {[%emt
00:00:05]} 11. Qa4 {[%clk 01:09:08]} {[%emt 00:01:59]} f6 {[%clk 01:03:11]}
{[%emt 00:06:24]} 12. Bd2 {[%clk 00:59:57]} {[%emt 00:09:41]} Rb8 {[%clk
00:54:39]} {[%emt 00:09:02]} 13. Na5 {[%clk 00:52:37]} {[%emt 00:07:51]} Qd7
{[%clk 00:52:51]} {[%emt 00:02:18]} 14. Nxc6 {[%clk 00:44:16]} {[%emt
00:08:51]} bxc6 {[%clk 00:53:15]} {[%emt 00:00:06]} 15. Qc2 {[%clk 00:33:43]}
{[%emt 00:11:03]} g5 {[%clk 00:38:00]} {[%emt 00:15:44]} 16. h4 {[%clk
00:30:07]} {[%emt 00:04:06]} g4 {[%clk 00:35:59]} {[%emt 00:02:31]} 17. Nh2
{[%clk 00:30:26]} {[%emt 00:00:11]} Nh6 {[%clk 00:29:49]} {[%emt 00:06:41]} 18.
Rfc1 {[%clk 00:26:45]} {[%emt 00:04:10]} c5 {[%clk 00:29:16]} {[%emt 00:01:03]}
19. b3 {[%clk 00:26:24]} {[%emt 00:00:51]} Kf7 {[%clk 00:28:31]} {[%emt
00:01:15]} 20. Rf1 {[%clk 00:20:15]} {[%emt 00:06:40]} Kg7 {[%clk 00:28:09]}
{[%emt 00:00:51]} 21. Qd1 {[%clk 00:14:22]} {[%emt 00:06:24]} Ra8 {[%clk
00:18:52]} {[%emt 00:09:47]} 22. f3 {[%clk 00:10:32]} {[%emt 00:04:21]} gxf3
{[%clk 00:18:31]} {[%emt 00:00:49]} 23. Bxf3 {[%clk 00:10:24]} {[%emt
00:00:39]} Ng4 {[%clk 00:18:38]} {[%emt 00:00:23]} 24. Nxg4 {[%clk 00:10:04]}
{[%emt 00:00:50]} hxg4 {[%clk 00:19:05]} {[%emt 00:00:02]} 25. Bg2 {[%clk
00:10:22]} {[%emt 00:00:13]} a5 {[%clk 00:17:10]} {[%emt 00:02:25]} 26. a4
{[%clk 00:05:13]} {[%emt 00:05:39]} Ra6 {[%clk 00:12:27]} {[%emt 00:05:13]} 27.
Rb1 {[%clk 00:04:42]} {[%emt 00:01:01]} Rb8 {[%clk 00:11:21]} {[%emt 00:01:35]}
28. Qe2 {[%clk 00:03:38]} {[%emt 00:01:35]} Rab6 {[%clk 00:09:50]} {[%emt
00:02:01]} 29. Rf5 {[%clk 00:01:33]} {[%emt 00:02:36]} Bxf5 {[%clk 00:03:49]}
{[%emt 00:06:30]} 30. exf5 {[%clk 00:02:00]} {[%emt 00:00:03]} Qxf5 {[%clk
00:04:14]} {[%emt 00:00:05]} 31. Rf1 {[%clk 00:02:26]} {[%emt 00:00:05]} Qh5
{[%clk 00:04:01]} {[%emt 00:00:42]} 32. Be4 {[%clk 00:01:18]} {[%emt 00:01:39]}
Rh8 {[%clk 00:02:10]} {[%emt 00:02:20]} 33. Bd5 {[%clk 00:00:39]} {[%emt
00:01:08]} Ra6 {[%clk 00:01:36]} {[%emt 00:01:04]} 34. Bc4 {[%clk 00:00:39]}
{[%emt 00:00:31]} Ra7 {[%clk 00:01:42]} {[%emt 00:00:25]} 35. Be6 {[%clk
00:00:37]} {[%emt 00:00:31]} Kf8 {[%clk 00:01:13]} {[%emt 00:00:59]} 36. Qe4
{[%clk 00:00:47]} {[%emt 00:00:20]} Kg7 {[%clk 00:00:38]} {[%emt 00:01:04]} 37.
Rf5 {[%clk 00:00:37]} {[%emt 00:00:40]} Qg6 {[%clk 00:01:02]} {[%emt 00:00:06]}
38. Qc6 {[%clk 00:00:58]} {[%emt 00:00:09]} Qe8 {[%clk 00:00:35]} {[%emt
00:00:58]} 39. Qe4 {[%clk 00:01:24]} {[%emt 00:00:04]} Qg6 {[%clk 00:01:01]}
{[%emt 00:00:04]} 40. Qc6 {[%clk 00:01:21]} {[%emt 00:00:33]} Qe8 {[%clk
00:00:32]} {[%emt 00:00:58]} 41. Qe4 {[%clk 00:00:41]} {[%emt 00:01:11]} Qg6
{[%clk 00:30:51]} {[%emt 00:00:13]} 1/2-1/2

[Event "European Chess Club Cup 2023"]
[Site "Durres, Albania"]
[Date "2023.10.06"]
[Round "6.78"]
[White "Bator, Robert"]
[Black "Andonovski, Ljubisa"]
[Result "1/2-1/2"]
[TimeControl "90' + 30' & 30\""]
[WhiteElo "2342"]
[BlackElo "2268"]

1. e4 {[%clk 01:30:52]} {[%emt 00:00:02]} c6 {[%clk 01:30:41]} {[%emt
00:00:25]} 2. d4 {[%clk 01:29:24]} {[%emt 00:01:58]} d5 {[%clk 01:31:02]}
{[%emt 00:00:09]} 3. e5 {[%clk 01:29:39]} {[%emt 00:00:16]} Bf5 {[%clk
01:31:22]} {[%emt 00:00:09]} 4. Nf3 {[%clk 01:29:15]} {[%emt 00:00:54]} e6
{[%clk 01:31:24]} {[%emt 00:00:29]} 5. Be2 {[%clk 01:29:29]} {[%emt 00:00:16]}
Ne7 {[%clk 01:29:21]} {[%emt 00:02:32]} 6. O-O {[%clk 01:29:06]} {[%emt
00:00:53]} h6 {[%clk 01:28:38]} {[%emt 00:01:13]} 7. a4 {[%clk 01:28:08]}
{[%emt 00:01:29]} Nd7 {[%clk 01:27:15]} {[%emt 00:01:52]} 8. a5 {[%clk
01:28:01]} {[%emt 00:00:38]} a6 {[%clk 01:27:16]} {[%emt 00:00:26]} 9. b4
{[%clk 01:15:41]} {[%emt 00:12:53]} Bh7 {[%clk 01:13:44]} {[%emt 00:14:02]} 10.
Nbd2 {[%clk 01:05:22]} {[%emt 00:10:49]} Ng6 {[%clk 01:12:42]} {[%emt
00:01:31]} 11. c3 {[%clk 01:03:59]} {[%emt 00:01:54]} Nf4 {[%clk 01:12:28]}
{[%emt 00:00:43]} 12. Nb3 {[%clk 01:03:28]} {[%emt 00:01:01]} Nxe2+ {[%clk
01:12:47]} {[%emt 00:00:11]} 13. Qxe2 {[%clk 01:03:53]} {[%emt 00:00:06]} Be7
{[%clk 01:11:53]} {[%emt 00:01:22]} 14. Ne1 {[%clk 01:02:39]} {[%emt 00:01:45]}
O-O {[%clk 01:08:02]} {[%emt 00:04:21]} 15. Nd3 {[%clk 00:57:05]} {[%emt
00:06:04]} b6 {[%clk 00:48:15]} {[%emt 00:20:17]} 16. axb6 {[%clk 00:48:55]}
{[%emt 00:08:41]} Qxb6 {[%clk 00:47:47]} {[%emt 00:00:57]} 17. Ndc5 {[%clk
00:48:54]} {[%emt 00:00:31]} Nxc5 {[%clk 00:36:25]} {[%emt 00:11:51]} 18. dxc5
{[%clk 00:44:17]} {[%emt 00:05:08]} Qb5 {[%clk 00:36:41]} {[%emt 00:00:13]} 19.
Qxb5 {[%clk 00:43:35]} {[%emt 00:01:13]} axb5 {[%clk 00:36:54]} {[%emt
00:00:17]} 20. Bf4 {[%clk 00:43:21]} {[%emt 00:00:44]} g5 {[%clk 00:32:30]}
{[%emt 00:04:53]} 21. Bg3 {[%clk 00:41:06]} {[%emt 00:02:46]} d4 {[%clk
00:32:26]} {[%emt 00:00:34]} 22. Nxd4 {[%clk 00:39:22]} {[%emt 00:02:14]} Be4
{[%clk 00:25:56]} {[%emt 00:07:00]} 23. f3 {[%clk 00:35:53]} {[%emt 00:04:00]}
Bd5 {[%clk 00:26:15]} {[%emt 00:00:11]} 24. h3 {[%clk 00:28:52]} {[%emt
00:07:31]} h5 {[%clk 00:24:35]} {[%emt 00:02:10]} 25. Kf2 {[%clk 00:25:24]}
{[%emt 00:03:58]} Kh7 {[%clk 00:22:28]} {[%emt 00:02:37]} 26. Bh2 {[%clk
00:21:14]} {[%emt 00:04:40]} Kg6 {[%clk 00:19:59]} {[%emt 00:02:58]} 27. Nc2
{[%clk 00:16:28]} {[%emt 00:05:16]} f5 {[%clk 00:17:21]} {[%emt 00:03:09]} 28.
f4 {[%clk 00:15:27]} {[%emt 00:01:31]} gxf4 {[%clk 00:15:34]} {[%emt 00:02:17]}
29. Bxf4 {[%clk 00:15:23]} {[%emt 00:00:33]} h4 {[%clk 00:14:51]} {[%emt
00:01:13]} 30. Rxa8 {[%clk 00:14:28]} {[%emt 00:01:25]} Rxa8 {[%clk 00:15:10]}
{[%emt 00:00:12]} 31. Ra1 {[%clk 00:14:44]} {[%emt 00:00:13]} Rxa1 {[%clk
00:13:31]} {[%emt 00:02:09]} 32. Nxa1 {[%clk 00:15:10]} {[%emt 00:00:05]} Bg5
{[%clk 00:13:57]} {[%emt 00:00:04]} 33. g3 {[%clk 00:15:09]} {[%emt 00:00:30]}
hxg3+ {[%clk 00:09:15]} {[%emt 00:05:12]} 34. Kxg3 {[%clk 00:15:25]} {[%emt
00:00:15]} Bd8 {[%clk 00:09:27]} {[%emt 00:00:17]} 35. Nc2 {[%clk 00:13:16]}
{[%emt 00:02:39]} Kh5 {[%clk 00:06:40]} {[%emt 00:03:17]} 36. Kf2 {[%clk
00:06:36]} {[%emt 00:07:11]} Bh4+ {[%clk 00:05:59]} {[%emt 00:01:10]} 37. Ke3
{[%clk 00:06:35]} {[%emt 00:00:32]} Bd8 {[%clk 00:04:35]} {[%emt 00:01:54]} 38.
Kf2 {[%clk 00:04:26]} {[%emt 00:02:39]} Kh4 {[%clk 00:03:53]} {[%emt 00:01:12]}
39. Ne3 {[%clk 00:04:37]} {[%emt 00:00:18]} Be4 {[%clk 00:04:08]} {[%emt
00:00:15]} 40. c4 {[%clk 00:04:43]} {[%emt 00:00:25]} bxc4 {[%clk 00:04:17]}
{[%emt 00:00:21]} 41. Nxc4 {[%clk 00:05:02]} {[%emt 00:00:11]} Kxh3 {[%clk
00:04:05]} {[%emt 00:00:42]} 42. Nd6 {[%clk 00:03:43]} {[%emt 00:01:48]} Bd5
{[%clk 00:02:24]} {[%emt 00:02:11]} 43. b5 {[%clk 00:01:42]} {[%emt 00:02:32]}
cxb5 {[%clk 00:02:28]} {[%emt 00:00:25]} 44. Nxb5 {[%clk 00:01:40]} {[%emt
00:00:33]} Bh4+ {[%clk 00:01:54]} {[%emt 00:01:03]} 45. Ke3 {[%clk 00:01:21]}
{[%emt 00:00:49]} Kg2 {[%clk 00:01:43]} {[%emt 00:00:41]} 46. Nc7 {[%clk
00:26:46]} {[%emt 00:05:05]} Bf2+ {[%clk 00:25:45]} {[%emt 00:06:27]} 47. Kd2
{[%clk 00:27:02]} {[%emt 00:00:15]} Bxc5 {[%clk 00:24:32]} {[%emt 00:01:43]} 48.
Nxd5 {[%clk 00:27:18]} {[%emt 00:00:14]} exd5 {[%clk 00:24:53]} {[%emt
00:00:09]} 49. Bg5 {[%clk 00:27:09]} {[%emt 00:00:39]} Kg3 {[%clk 00:24:25]}
{[%emt 00:00:58]} 50. e6 {[%clk 00:27:30]} {[%emt 00:00:09]} f4 {[%clk
00:24:43]} {[%emt 00:00:12]} 51. e7 {[%clk 00:27:16]} {[%emt 00:00:45]} Bxe7
{[%clk 00:25:05]} {[%emt 00:00:07]} 52. Bxe7 {[%clk 00:27:41]} {[%emt
00:00:06]} d4 {[%emt 00:00:42]} 1/2-1/2